|
|
|
|
| LEADER |
00000nam0a2200000 4500 |
| 001 |
319942 |
| 005 |
20231102003228.0 |
| 035 |
|
|
|a (RuTPU)RU\TPU\book\345465
|
| 090 |
|
|
|a 319942
|
| 100 |
|
|
|a 20160618d1918 m y0rusy50 ca
|
| 101 |
0 |
|
|a rus
|
| 102 |
|
|
|a RU
|
| 105 |
|
|
|a a z 000zy
|
| 200 |
1 |
|
|a Паровые котлы
|h Вып.1
|f А. П, Гавриленко
|g под ред. А. С. Ломшакова, М. А. Торубаева
|
| 205 |
|
|
|a 3-е изд., испр. и переработ. согласно новейшим научным данным
|
| 210 |
|
|
|a Москва
|c Склад издания: "Сотрудник Школы"
|d 1918
|
| 215 |
|
|
|a 195 с.
|c ил.
|
| 300 |
|
|
|a Текст в русской дореформенной орфографии
|
| 317 |
|
|
|5 63413507: 36//314
|a техническому институту в дар от студента горного факультета Гецина 12/1-21
|
| 606 |
1 |
|
|a Паровые котлы
|2 stltpush
|3 (RuTPU)RU\TPU\subj\71412
|9 85333
|
| 610 |
1 |
|
|a парообразование
|
| 610 |
1 |
|
|a теплота
|
| 610 |
1 |
|
|a передача тепла
|
| 610 |
1 |
|
|a котлы с жаровыми трубами
|
| 610 |
1 |
|
|a комбинированные котлы
|
| 610 |
1 |
|
|a водотрубные котлы
|
| 610 |
1 |
|
|a судовые котлы
|
| 610 |
1 |
|
|a вертикальные котлы
|
| 675 |
|
|
|a 621.181
|v 4
|
| 700 |
|
1 |
|a Гавриленко
|b А. П,
|
| 702 |
|
1 |
|a Ломшаков
|b А. С.
|4 340
|
| 702 |
|
1 |
|a Торубаев
|b М. А.
|4 340
|
| 801 |
|
1 |
|a RU
|b 63413507
|c 20160618
|
| 801 |
|
2 |
|a RU
|b 63413507
|c 20200929
|g RCR
|
| 942 |
|
|
|c BK
|